02944 a2200397 45000010006000000050017000060080041000230030015000640400040000790800055001192450088001740200022002622640043002843000019003275051676003461000027020227000027020497000025020767000021021017000027021227000020021497000017021697000019021867000023022057000021022287000018022497000022022677000022022897000025023117000022023367000027023587000019023857000020024047000023024248560099024474604620260407155733.0260407a2010 arg spa dAR-UNSa-BCEJYS aAR-UNSa-BCEJYSbspacAR-UNSa-BCEJYS a331.5(82)xMercado de Trabajo. Empleo en Argentina10aTransformaciones del empleo en la Argentinapestructura, dinámica e instituciones a978-987-1599-43-1 1aBuenos Aires :bEdiciones CICCUSc2010 a316 p.c23 cm. aParte I: El mercado de trabajo argentino: principios agregados y especificidades sectoriales: 1. Transformaciones del mercado de trabajo en la Argentina: 1974-2009 / Julio César Neffa, María Laura Oliveri y Juliana Persia – 2. Aspectos teóricos relevantes para el análisis empírico de la informalidad Argentina / Patricio Narodowski, Demian T. Panigo y Nicolás Dvoskin – 3. ¿Por qué difieren las tasas de desempleo de jóvenes y adultos? Un análisis de transiciones laborales en la Argentina post Convertibilidad / Pablo E. Pérez -4. Ruralidad y mercados de trabajo. Perfil, inserción y remuneraciones de los asalariados en tres provincias de la Argentina / Mariela Blanco, Guillermo Neiman, Germán Quaranta – 5. “Empleo industrial en la post convertibilidad. Una aproximación del período 2003-2008 bajo una mirada de largo plazo” / Paula Español y Germán Herrerra – Parte II: Derechos laborales y políticas de empleo durante la postconvertibilidad: 6. Principales Reformas Normativas en el ámbito laboral. Período 2002/2009 / Eugenio Biaffore, y Ana Berasueta – 7. Políticas de empleo: un análisis en el año del bicentenario / Enrique Deibe, Secretario de Empleo del MTEySS – Parte III: LA macroeconomía del empleo en el corto y largo plazo: 8. El crecimiento del empleo en la Argentina desde la teoría de la regulación. Los cambios generados por la apertura internacional / Julio César Neffa y Emiliano López – 9. El ciclo del empleo y la reproducción del capital en la Argentina de la convertibilidad y la post-convertibilidad / Demian Tupac Panigo, Pablo Ignacio Chena y Ana Inés Garriz - 1 aBerasueta, Ana Cecilia1 aPanigo, Demián Tupac1 aNeffa, Julio César1 aBiafore, Eugenio1 aPérez, Pablo Ernesto1 aBlanco, Mariela1 aChena, Pablo1 aDeibe, Enrique1 aDvoskin, Nicolás1 aEspañol, Paula1 aGárriz, Ana1 aHerrera, Germán1 aLópez, Emiliano1 aNarodowski, Patricio1 aNeiman, Guillermo1 aOliveri, María Laura1 aPérez, Pablo1 aPersia, Juliana1 aQuaranta, Germán41uhttps://www.biblioeco.unsa.edu.ar/pmb/images/libros/L127295.jpgyImagen de portadaqimage/jpeg